| 000 | 00550nam a2200229Ia 4500 | ||
|---|---|---|---|
| 001 | 17349 | ||
| 003 | GE_BSU | ||
| 008 | 181216s||||||||xx |||||||||||||| ||und|| | ||
| 020 | _a9783468494963 | ||
| 040 | _cGE_BSU | ||
| 080 | _a811.112 | ||
| 100 | _aRusch,Paul., Schmitz,Helen | ||
| 245 | _aEinfach grammatik. Ubungsgrammatik deutsch A1 bis B1 | ||
| 260 | _aBerlin | ||
| 260 | _bLangescheidt | ||
| 260 | _c2007 | ||
| 300 | _a271p.27cm. | ||
| 541 | _h15Gel. | ||
| 653 | _aEinfach grammatik | ||
| 653 | _aUbungsgrammatik deutsch | ||
| 942 | _cBK | ||
| 999 |
_c50405 _d50405 |
||